000 00342nam a22001337a 4500
008 180308b xxu||||| |||| 00| 0 eng d
020 _a9780132175258
041 _aeng
080 _22nd
_a331.101.262 ANT
100 _a52
101 _aBNJ
245 _aHospitality human resources management and supervision
_cAnthony,V.R
942 _2udc
_cBK
999 _c44420
_d44420